Catalog

Record Details

Catalog Search



Ze starých letopisů českých  Cover Image Book Book

Ze starých letopisů českých / Překlad Jaroslav Porák a Jaroslav Kašpar

Porák, Jaroslav (Author). Kašpar, Jaroslav (Added Author).

Record details

  • Physical Description: 576 s.
  • Edition: Vydání I.
  • Publisher: Praha Nakladatelství Svoboda 1980

Available copies

  • 1 of 1 copy available at Common Catalog SPOK.

Holds

  • 0 current holds with 1 total copy.
Show Only Available Copies
Location Call Number / Copy Notes Barcode Shelving Location Status Due Date
ETS Library 943.7022 424470011989 Volný výběr Available -

LDR 00714nam a2 00253
00137831
003CZ-PrJAB
00520100326000000.0
008100326s1980 xr e |||| |cze
009cz
035 . ‡a(CONS)10519
035 . ‡aKPS13312
040 . ‡aABG450
041 . ‡acze
08214. ‡a943.7022
100 . ‡77087 ‡aPorák, Jaroslav
245 . ‡aZe starých letopisů českých / ‡cPřeklad Jaroslav Porák a Jaroslav Kašpar
250 . ‡aVydání I.
260 . ‡aPraha ‡bNakladatelství Svoboda ‡c1980
300 . ‡a576 s.
653 . ‡aZe starých letopisů českých
700 . ‡77088 ‡aKašpar, Jaroslav
8524 . ‡bETS ‡bETS ‡cVolný výběr ‡j943.7022 ‡gA ‡p424470011989
910 . ‡aABG450
999 . ‡a10519 ‡bAUTOGEN ‡c10519 ‡tbiblio
905 . ‡uadmin
901 . ‡a37831 ‡b ‡c37831 ‡tbiblio ‡sets

Additional Resources